| 000 | 00677cam a2200229 4500 | ||
|---|---|---|---|
| 001 | M2135 | ||
| 008 | 090401t1996 xxu||||| |||| 00| 0 eng d | ||
| 035 | _a(Sirsi) u36659 | ||
| 041 | _aeng | ||
| 050 | _a381.41 | ||
| 090 | _aRICS 1996/55A | ||
| 110 |
_aLivestock Auctioneers' Association _9371 |
||
| 245 | _aCode of practice for the guidance of livestock auctioneers in livestock auction markets in England and Wales. | ||
| 260 |
_aCoventry _bLivestock Auctioneers` Association _c1996 |
||
| 300 | _a6p. ; 21cm. | ||
| 350 | _a0 | ||
| 650 | _aCODE OF PRACTICE | ||
| 650 | _aLIVESTOCK AUCTIONEERS | ||
| 690 |
_aAuctioneering _96218 |
||
| 942 | _n0 | ||
| 948 | _c04/03/1997 | ||
| 999 |
_c90359 _d90359 |
||